000 01922nam0a2200385 4500
001 RU\NLR\BIBL_A\012552115
005 20220203143800.0
010 _a978-5-9554-0029-7
_9500
035 _a(NLR Aleph) 012552115
090 _a12433436
_c12433436
100 _a20210624d2013 km y0rusy50 ca
101 0 _arus
_deng
102 _aRU
105 _aab||z||||||z|
181 0 _ai3
_baxxe
182 0 _an
200 1 _aСлавки (Passeriformes, Sylvia) фауны Татарстана
_eчисленность, распределение
_e[монография]
_fВ.Г. Ивлиев
_gответственный редактор: доктор биологических наук Ю.С. Равкин
_g[Российская академия наук, Сибирское отделение и др.]
203 _aТекст
_bвизуальный
_cнепосредственный
210 _aНовосибирск
_cНаука-Центр
_d2013
215 _a194, [1] с.
_cил., карт.
_d22
300 _aЗагл. и авт. также на англ. яз.: Typical Warblers (Passeriformes, Sylvia) of fauna of Tatarstan / V.G. Ivliev
300 _aЗагл. обл. и корешка: Славки фауны Татарстана
300 _aРез. англ.
320 _aБиблиогр.: с. 182-194
512 1 _aСлавки фауны Татарстана
517 1 _6z33790
_aTypical Warblers (Passeriformes, Sylvia) of fauna of Tatarstan
606 1 _aСлавки
_yТатарстан, Республика
_2nlr_sh2
_3RU\NLR\AUTH\6601699399
686 1 _aЕ693.354.4Syl(2Р354-6Т)
700 1 _aИвлиев
_bВ. Г.
_gВладимир Георгиевич
790 1 _6z33517
_aIvliev
_bV. G.
_gVladimir Georgievič
942 _cBOOK
980 _aNBR
980 _aNB